Gaming Quiz

Random Gaming or Nintendo Quiz

Super Mario Kart Racers Quiz Stats

 Plays Quiz Updated Dec 5, 2018

Support Sporcle.
Go Orange.
Score 0/8 Timer 01:00
4 Plays Today
% Correct
Mario
90.6%
Luigi
88.6%
Yoshi
84.6%
Bowser
81.6%
Toad
80.2%
Princess Peach
79.4%
Koopa Troopa
50.4%
Donkey Kong Jr.
40.9%

You're not logged in!

Compare scores with friends on all Sporcle quizzes.
OR
Log In
Forgot?

From the Vault

Lord of the Rings Rulers Match-Up

by sam2249

Middle-Earth just wasn't into democracy.
Remove Ads.
Support Sporcle.
Get the best of Sporcle when you Go Orange. This ad-free experience offers more features, more stats, and more fun while also helping to support Sporcle. Thank you for becoming a member.

Show Comments

Extras

Top Quizzes Today


Score Distribution

Your Account Isn't Verified!

In order to create a playlist on Sporcle, you need to verify the email address you used during registration. Go to your Sporcle Settings to finish the process.

Report this User

Report this user for behavior that violates our Community Guidelines.

Details: